| 000 | 01309nam a2200301 a 4500 | ||
|---|---|---|---|
| 001 | 000003694 | ||
| 003 | DO-SdBNP | ||
| 005 | 20220720131643.0 | ||
| 007 | ta | ||
| 008 | 090713e1996 cl a er 001 0bspa d | ||
| 020 | _a9562620417 | ||
| 040 |
_aDO-SdBNP _bspa _cBNPHU |
||
| 082 | 4 |
_a928.61 _bN454T _222 |
|
| 100 | 1 |
_aTeitelboim, Volodia, _d1916-2008 _93850 |
|
| 245 | 1 | 0 |
_aNeruda / _cVolodia Teitelboim. |
| 260 |
_aSantiago de Chile : _bSudamericana chilena, _c1996. |
||
| 300 |
_a532 p. : _bil. ; _c22 cm. |
||
| 500 | _aEd. rev. y act. | ||
| 500 | _aIncluye índice de nombre e ilustraciones. | ||
| 500 | _aIncluye notas bibliográficas : p. 515- 518 | ||
| 505 |
_aPrimera parte: De las lluvia ala guerra-- _tI. Niño de frontera-- _tII. Joven de crepúsculo-- _tIII. Agonía y creación en Oriente-- _tLa letra con sangre entra-- |
||
| 505 |
_aSegunda parte: Pasión y Muerte-- _tV. Su descubrimiento de América-- _tVI. El viaje del mundo-- _tVII. Narrador de sí mismo-- _tVIII. La balada del viejo marinero-- _tNotas bibliográficas-- _tÍndice de ilustraciones-- _tÍndice de nombres. |
||
| 590 | _aInventariado 2022 / MF | ||
| 600 | 1 | 4 |
_aNeruda, Pablo, _d1904-1973 _99164 |
| 650 | 4 |
_aPoetas chilenos _ySiglo XX _vBiografías _911296 |
|
| 910 | _aValidado. Control de calidad MMolina | ||
| 942 |
_2ddc _cLBS1 |
||
| 999 |
_c3516 _d3516 |
||